| 000 -LEADER |
| fixed length control field |
00598nam a22000977a 4500 |
| 008 - FIXED-LENGTH DATA ELEMENTS--GENERAL INFORMATION |
| fixed length control field |
160416b xxu||||| |||| 00| 0 eng d |
| 100 ## - MAIN ENTRY--AUTHOR'S NAME |
| Author's Name |
Mueller, Edwin |
| 245 ## - TITLE STATEMENT |
| Title |
Handbook of the pre-stamp postmarks of Austria |
| Remainder of title |
Edwin Mueller's Handbook of the pre-stamp postmarks of Austria |
| 260 ## - PUBLICATION, DISTRIBUTION, ETC. (IMPRINT) |
| Place of publication, distribution, etc. |
New York |
| Name of publisher, distributor, etc. |
Collectors Club |
| Date of publication, distribution, etc. |
1960 |
| 650 ## - TOPICAL TERM (Tag) |
| Topical term or geographic name |
Austria | Postal History | Postal Markings | 18th Century | 19th Century | Postal Rates | Post Offices | Pre-adhesive Covers | Covers | Registered Mail | Locals and Private Posts | Military Mail | Offices Abroad | Used Abroad | Maritime Mail | Catalogs and Price Lists |